000 00566nam a2200181 i 4500
001 52751
003 ES-MaACL
005 20230906162636.0
007 t|
008 030903s1964 sp ||||1| spa d
100 1 _aDecoulx, P.
_943181
245 1 0 _aTraumatología clínica /
_cpor P. Decoulx, J.P. Razemon ; versión española de J. Nolla Generés.
260 _aBarcelona :
_bToray Masson,
_c[1965]
300 _aXII, 239 p. :
_bil. ;
_c25 cm.
700 1 _aRazemon, J. P.
_995657
700 1 _aNolla Generés, J.
_985919
852 _aES-MaACL
_jC-28068
_bR.56944
999 _c52751
_d52751